000 00439nmm a2200169Ia 4500
008 251105s9999||||xx |||||||||||||||||und||
020 _a9788492509287
041 _aspa
100 _aCapetillo, Alicia
245 0 _aQuantum II
264 _a[Madrid, España] :
_bEquipo Sirius,
_c2007
300 _a173 páginas
490 _aMillenium
650 _aSciences
856 _uhttps://public.digitaliapublishing.com/a/1195
942 _cCF
999 _c88837
_d88837